<?xml version="1.0" encoding="UTF-8"?>
<resp>
  <nextPage>https://data.bn.org.pl/api/networks/bibs.marcxml?marc=001+b0000005513496&amp;sinceId=5513497</nextPage>
  <collection>
    <record xmlns='http://www.loc.gov/MARC21/slim'><leader>02535nam a2200637 i 4500</leader><controlfield tag='001'>b0000005513496</controlfield><controlfield tag='005'>20241203220418.2</controlfield><controlfield tag='008'>170412s1755    pl           |000 0 pol  </controlfield><controlfield tag='009'>9910443051505606</controlfield><datafield ind1=' ' ind2=' ' tag='026'><subfield code='a'>w.ch y.i-</subfield><subfield code='b'>okem umsy (3)</subfield><subfield code='c'>1755</subfield><subfield code='5'>WA N</subfield></datafield><datafield ind1=' ' ind2=' ' tag='035'><subfield code='a'>991007034239705066</subfield></datafield><datafield ind1=' ' ind2=' ' tag='035'><subfield code='a'>(PL-WaBN)b55134968-48omnis_nlop</subfield></datafield><datafield ind1=' ' ind2=' ' tag='035'><subfield code='a'>b55134968</subfield></datafield><datafield ind1=' ' ind2=' ' tag='035'><subfield code='a'>(PL)b0000005513496</subfield></datafield><datafield ind1=' ' ind2=' ' tag='040'><subfield code='a'>WA N</subfield><subfield code='c'>WA N</subfield><subfield code='d'>WA N</subfield></datafield><datafield ind1='1' ind2=' ' tag='041'><subfield code='a'>pol</subfield><subfield code='h'>lat</subfield></datafield><datafield ind1='2' ind2=' ' tag='045'><subfield code='b'>d1534</subfield><subfield code='b'>d1600</subfield></datafield><datafield ind1=' ' ind2=' ' tag='046'><subfield code='k'>1755</subfield></datafield><datafield ind1='1' ind2=' ' tag='100'><subfield code='a'>Sander, Nicholas</subfield><subfield code='d'>(ca 1530-1581)</subfield><subfield code='e'>Autor</subfield></datafield><datafield ind1='1' ind2='0' tag='245'><subfield code='a'>HHistoria o schizmie albo odszczepienstwie angielskim, początku y dalszym iey szerzeniu księga jedna /</subfield><subfield code='c'>przez Mikołaja Sandera, złożona ; wydana z przydaniem od Edwarda Ristona, drukowana w Kolnie łacinskim ięzykiem roku 1585 ; na polski ięzyk wytłumaczona przez iednego kapłana Soc: Jesu w roku 1744.</subfield></datafield><datafield ind1='3' ind2=' ' tag='246'><subfield code='a'>Historia o schizmie albo odszczepieństwie angielskim</subfield></datafield><datafield ind1=' ' ind2=' ' tag='260'><subfield code='a'>W Sandomierzu :</subfield><subfield code='b'>w drukarni J. K. M. Collegium Societatis Jesu,</subfield><subfield code='c'>1755.</subfield></datafield><datafield ind1=' ' ind2=' ' tag='300'><subfield code='a'>[1] karta, 366 stron ;</subfield><subfield code='c'>8°.</subfield></datafield><datafield ind1=' ' ind2=' ' tag='336'><subfield code='a'>Tekst</subfield><subfield code='b'>txt</subfield><subfield code='2'>rdacontent</subfield></datafield><datafield ind1=' ' ind2=' ' tag='337'><subfield code='a'>Bez urządzenia pośredniczącego</subfield><subfield code='b'>n</subfield><subfield code='2'>rdamedia</subfield></datafield><datafield ind1=' ' ind2=' ' tag='338'><subfield code='a'>Wolumin</subfield><subfield code='b'>nc</subfield><subfield code='2'>rdacarrier</subfield></datafield><datafield ind1=' ' ind2=' ' tag='380'><subfield code='a'>Komiksy i książki obrazkowe</subfield></datafield><datafield ind1=' ' ind2=' ' tag='380'><subfield code='a'>Starodruki</subfield></datafield><datafield ind1=' ' ind2=' ' tag='380'><subfield code='a'>Książki</subfield></datafield><datafield ind1='1' ind2=' ' tag='388'><subfield code='a'>1701-1800</subfield></datafield><datafield ind1='4' ind2=' ' tag='510'><subfield code='a'>Estr. XV-XVIII,</subfield><subfield code='c'>XXVII, 64.</subfield></datafield><datafield ind1=' ' ind2='7' tag='648'><subfield code='a'>1501-1600</subfield><subfield code='2'>DBN</subfield></datafield><datafield ind1=' ' ind2='7' tag='650'><subfield code='a'>Anglikanizm</subfield><subfield code='2'>DBN</subfield></datafield><datafield ind1=' ' ind2='7' tag='655'><subfield code='a'>Opracowanie</subfield><subfield code='2'>DBN</subfield></datafield><datafield ind1=' ' ind2=' ' tag='658'><subfield code='a'>Historia</subfield></datafield><datafield ind1='2' ind2=' ' tag='710'><subfield code='a'>Drukarnia Jezuitów (Sandomierz)</subfield><subfield code='e'>Druk</subfield></datafield><datafield ind1=' ' ind2=' ' tag='752'><subfield code='a'>Polska</subfield><subfield code='d'>Sandomierz.</subfield></datafield><datafield ind1=' ' ind2=' ' tag='852'><subfield code='8'>2264540850007663</subfield><subfield code='j'>1</subfield><subfield code='h'>SL98437 sdXVIII-3393</subfield><subfield code='b'>ZNO-SZEW</subfield><subfield code='p'>353919-vtls000313862</subfield><subfield code='c'>240000</subfield></datafield><datafield ind1=' ' ind2=' ' tag='852'><subfield code='8'>22576942230005066</subfield><subfield code='j'>1</subfield><subfield code='h'>SD W.1.885</subfield><subfield code='b'>BN_PL</subfield><subfield code='p'>777i53257261</subfield><subfield code='c'>bstdr</subfield></datafield><datafield ind1=' ' ind2=' ' tag='852'><subfield code='b'>48OMNIS_NLOP</subfield><subfield code='8'>991007034239705066</subfield></datafield><datafield ind1=' ' ind2=' ' tag='852'><subfield code='b'>48OMNIS_NETWORK</subfield><subfield code='8'>9910443051505606</subfield></datafield><datafield ind1=' ' ind2=' ' tag='852'><subfield code='b'>48OMNIS_ZNO</subfield><subfield code='8'>991002495739707663</subfield></datafield><datafield ind1=' ' ind2=' ' tag='950'><subfield code='u'>https://eu05.alma.exlibrisgroup.com/view/uresolver/48OMNIS_NETWORK/openurl?u.ignore_date_coverage=true&amp;portfolio_pid=53714548630005066&amp;Force_direct=true</subfield><subfield code='z'>Zobacz w Polonie: egzemplarz SD W.1.885</subfield><subfield code='8'>53714548630005066</subfield></datafield></record>
  </collection>
</resp>
